[Event "Rilton Cup 51st"]
[Site "Stockholm"]
[Date "2023.12.27"]
[Round "1"]
[White "Bailet, Pierre"]
[Black "Md, Bashiq Imrose"]
[Result "1-0"]
[WhiteElo "2492"]
[BlackElo "2266"]
[PlyCount "49"]
[EventDate "2023.12.27"]
[EventType "swiss"]
[EventRounds "9"]
[EventCountry "SWE"]
[SourceTitle "CB02_2024"]
[SourceDate "2024.01.10"]
[SourceVersion "1"]
[SourceVersionDate "2024.01.10"]
[SourceQuality "1"]

1. e4 c6 2. d4 d5 3. e5 Bf5 4. Nf3 e6 5. Be2 c5 6. Be3 Qb6 7. Nc3 Nc6 8. 0-0 Qxb2 9. Nb5 c4 10. Nc7+ Kd7 11. Nxa8 Bxc2 12. Qc1 Ba3 13. Rb1 Bxb1 14. Qxb2 Bxb2 15. Rxb1 c3 16. Bc1 Bxc1 17. Rxb7+ Kd8 18. Bb5 Nge7 19. Bxc6 Nxc6 20. Rc7 Bd2 21. Rxc6 Re8 22. Kf1 Ke7 23. Nc7 Kd7 24. Nxe8 Kxc6 25. Nxd2 1-0

[Event "Barcelona Sants op 24th"]
[Site "Barcelona"]
[Date "2023.08.25"]
[Round "8"]
[White "Blasco Coll, Andreu"]
[Black "Bailet, Pierre"]
[Result "0-1"]
[WhiteElo "2311"]
[BlackElo "2502"]
[PlyCount "104"]
[EventDate "2023.08.18"]
[EventType "swiss"]
[EventRounds "10"]
[EventCountry "ESP"]
[SourceTitle "CBM 215 Extra"]
[Source "ChessBase"]
[SourceDate "2023.09.30"]
[SourceVersion "1"]
[SourceVersionDate "2023.09.30"]
[SourceQuality "1"]

1. d4 Nf6 2. c4 e6 3. Nf3 b6 4. g3 Bb7 5. Bg2 Be7 6. 0-0 0-0 7. Nc3 Ne4 8. Bd2 d6 9. Re1 Nd7 10. Qc2 f5 11. Rad1 Bf6 12. d5 Bxc3 13. Bxc3 e5 14. Bb4 Ndf6 15. Nd2 a5 16. Nxe4 Nxe4 17. Bd2 Nxd2 18. Qxd2 Qf6 19. e3 Rae8 20. b3 Bc8 21. a3 f4 22. exf4 exf4 23. Rxe8 Rxe8 24. Re1 Re5 25. gxf4 Qxf4 26. Qc3 Rxe1+ 27. Qxe1 Kf7 28. h3 Bf5 29. Kh1 Qd4 30. Qe2 Kf6 31. Qf3 Qd3 32. Qh5 Qxb3 33. Qh4+ Kf7 34. Qg5 Qd3 35. Kh2 h6 36. Qh5+ Bg6 37. Qh4 Qf5 38. Bf1 Qe5+ 39. f4 Qb2+ 40. Bg2 Be4 41. Qg4 Qxg2+ 42. Qxg2 Bxg2 43. Kxg2 a4 44. Kf3 Kg6 45. Kg4 Kf6 46. Kg3 Kf5 47. Kf3 h5 48. Kg3 g6 49. Kf3 g5 50. fxg5 Kxg5 51. Kg3 h4+ 52. Kf3 Kf5 0-1

[Event "Barcelona Sants op 24th"]
[Site "Barcelona"]
[Date "2023.08.19"]
[Round "2"]
[White "Dahl, Max"]
[Black "Bailet, Pierre"]
[Result "1/2-1/2"]
[WhiteElo "2175"]
[BlackElo "2502"]
[PlyCount "66"]
[EventDate "2023.08.18"]
[EventType "swiss"]
[EventRounds "10"]
[EventCountry "ESP"]
[SourceTitle "CBM 215 Extra"]
[Source "ChessBase"]
[SourceDate "2023.09.30"]
[SourceVersion "1"]
[SourceVersionDate "2023.09.30"]
[SourceQuality "1"]

1. e4 e5 2. Nf3 Nc6 3. Nc3 Nf6 4. d4 exd4 5. Nxd4 Bb4 6. Nxc6 bxc6 7. Bd3 d5 8. exd5 0-0 9. 0-0 cxd5 10. h3 c6 11. Qf3 Rb8 12. Bf4 Bd6 13. b3 Rb7 14. Ne2 Re8 15. Ng3 Bxf4 16. Qxf4 Rbe7 17. Rad1 Re5 18. c4 Qa5 19. cxd5 cxd5 20. Qd2 Qa3 21. Ne2 Ba6 22. Nc3 d4 23. Nb1 Qd6 24. Bxa6 Qxa6 25. Qxd4 Qxa2 26. Qb4 a5 27. Qa3 Qc2 28. b4 axb4 29. Qxb4 Rg5 30. Rde1 Qc6 31. Rxe8+ Nxe8 32. g3 Rh5 33. h4 Rb5 1/2-1/2

[Event "Dortmund Sparkassen op 50th"]
[Site "Dortmund"]
[Date "2023.07.02"]
[Round "9"]
[White "Harikrishnan, A Ra"]
[Black "Bailet, Pierre"]
[Result "1/2-1/2"]
[WhiteElo "2400"]
[BlackElo "2513"]
[PlyCount "38"]
[EventDate "2023.06.24"]
[EventType "swiss"]
[EventRounds "9"]
[EventCountry "GER"]
[SourceTitle "CBM 215 Extra"]
[Source "ChessBase"]
[SourceDate "2023.09.30"]
[SourceVersion "1"]
[SourceVersionDate "2023.09.30"]
[SourceQuality "1"]

1. d4 Nf6 2. c4 e6 3. Nf3 d5 4. g3 Bb4+ 5. Bd2 Be7 6. Bg2 0-0 7. 0-0 c6 8. Qc2 b6 9. Bf4 Nbd7 10. cxd5 cxd5 11. Bc7 Qe8 12. Qa4 Bb7 13. Rc1 Ne5 14. Qxe8 Nxf3+ 15. Bxf3 Rfxe8 16. Nc3 Ba6 17. e4 dxe4 18. Nxe4 Nd5 19. Nd6 Rf8 1/2-1/2

[Event "FRA-chT Top 16 Gp Basse"]
[Site "Chartres"]
[Date "2023.06.10"]
[Round "3.4"]
[White "Enchev, Ivajlo"]
[Black "Bailet, Pierre"]
[Result "1/2-1/2"]
[WhiteElo "2437"]
[BlackElo "2513"]
[PlyCount "45"]
[EventDate "2023.06.08"]
[EventType "team-tourn"]
[EventRounds "4"]
[EventCountry "FRA"]
[SourceTitle "CBM 214 Extra"]
[Source "ChessBase"]
[SourceDate "2023.07.31"]
[SourceVersion "1"]
[SourceVersionDate "2023.07.31"]
[SourceQuality "1"]
[WhiteTeam "Cappelle la Grande"]
[BlackTeam "Metz Fischer"]
[WhiteTeamCountry "FRA"]
[BlackTeamCountry "FRA"]

1. d4 Nf6 2. c4 e6 3. Nf3 b6 4. g3 Bb7 5. Bg2 Bb4+ 6. Bd2 Bxd2+ 7. Qxd2 0-0 8. Nc3 d6 9. 0-0 Ne4 10. Nxe4 Bxe4 11. Qf4 Bb7 12. Rfd1 Nd7 13. h4 Qe7 14. Rd2 Rad8 15. Rad1 a5 16. Ne1 Bxg2 17. Nxg2 Rfe8 18. Ne3 Nf6 19. Qf3 h5 20. Qc6 g6 21. b3 Kg7 22. Rd3 Qd7 23. Qxd7 1/2-1/2

[Event "FRA-chT Top 16 Gp Basse"]
[Site "Chartres"]
[Date "2023.06.09"]
[Round "2.2"]
[White "Brunner, Nicolas"]
[Black "Bailet, Pierre"]
[Result "1/2-1/2"]
[WhiteElo "2424"]
[BlackElo "2513"]
[PlyCount "103"]
[EventDate "2023.06.08"]
[EventType "team-tourn"]
[EventRounds "4"]
[EventCountry "FRA"]
[SourceTitle "CBM 214 Extra"]
[Source "ChessBase"]
[SourceDate "2023.07.31"]
[SourceVersion "1"]
[SourceVersionDate "2023.07.31"]
[SourceQuality "1"]
[WhiteTeam "Vandoeuvre"]
[BlackTeam "Metz Fischer"]
[WhiteTeamCountry "FRA"]
[BlackTeamCountry "FRA"]

1. d4 Nf6 2. c4 g6 3. Nc3 Bg7 4. e4 0-0 5. Nf3 d6 6. Be2 e5 7. dxe5 dxe5 8. Qxd8 Rxd8 9. Bg5 Re8 10. Nd5 Nxd5 11. cxd5 c6 12. Bc4 cxd5 13. Bxd5 Nd7 14. Nd2 Nb6 15. Bb3 Be6 16. 0-0-0 Bf8 17. Kb1 Nd7 18. Bxe6 Rxe6 19. Nb3 Nb6 20. Rc1 Rb8 21. Rhd1 Rd6 22. Rxd6 Bxd6 23. Rd1 Bf8 24. Bf6 Bg7 25. Bxg7 Kxg7 26. Nc5 Kf6 27. Nd7+ Nxd7 28. Rxd7 Ke6 29. Rc7 h5 30. Kc2 h4 31. b4 f5 32. exf5+ gxf5 33. g3 hxg3 34. hxg3 Rh8 35. Kd3 Rd8+ 36. Ke3 e4 37. a4 Rd3+ 38. Ke2 a5 39. bxa5 Rb3 40. a6 bxa6 41. Rc6+ Ke5 42. Rxa6 Rb2+ 43. Kf1 Rb1+ 44. Kg2 Rb2 45. Ra8 Kf6 46. a5 e3 47. Kf3 exf2 48. Kg2 Ra2 49. a6 Kg6 50. a7 Kg7 51. Rb8 Rxa7 52. Kxf2 1/2-1/2

[Event "FRA-chT Top 16 GpB"]
[Site "Chartres"]
[Date "2023.06.03"]
[Round "3.4"]
[White "Bailet, Pierre"]
[Black "Saada, Julien"]
[Result "1/2-1/2"]
[WhiteElo "2515"]
[BlackElo "2245"]
[PlyCount "46"]
[EventDate "2023.06.01"]
[EventType "team-tourn"]
[EventRounds "7"]
[EventCountry "FRA"]
[SourceTitle "CBM 214 Extra"]
[Source "ChessBase"]
[SourceDate "2023.07.31"]
[SourceVersion "1"]
[SourceVersionDate "2023.07.31"]
[SourceQuality "1"]
[WhiteTeam "Metz Fischer"]
[BlackTeam "Poitiers Migne"]
[WhiteTeamCountry "FRA"]
[BlackTeamCountry "FRA"]

1. e4 c6 2. Nf3 d5 3. exd5 cxd5 4. Ne5 Nf6 5. d4 g6 6. Bb5+ Nbd7 7. 0-0 Bg7 8. Re1 0-0 9. Nf3 Ne4 10. c3 Ndf6 11. h3 Bf5 12. Bf4 Nd6 13. Bf1 Nfe4 14. Qb3 Rc8 15. Nbd2 Be6 16. Nxe4 dxe4 17. d5 Bxh3 18. gxh3 exf3 19. Re3 Qd7 20. Rae1 Nf5 21. Rxf3 Rfd8 22. Rd1 Rc5 23. Rfd3 b5 1/2-1/2

[Event "Angers op 16th"]
[Site "Angers"]
[Date "2023.05.19"]
[Round "2"]
[White "Bat, Bilguun"]
[Black "Bailet, Pierre"]
[Result "0-1"]
[WhiteElo "2254"]
[BlackElo "2515"]
[PlyCount "148"]
[EventDate "2023.05.19"]
[EventType "swiss"]
[EventRounds "6"]
[EventCountry "FRA"]
[SourceTitle "CBM 214 Extra"]
[Source "ChessBase"]
[SourceDate "2023.07.31"]
[SourceVersion "1"]
[SourceVersionDate "2023.07.31"]
[SourceQuality "1"]

1. d4 Nf6 2. Nf3 g6 3. g3 Bg7 4. Bg2 0-0 5. 0-0 d6 6. b3 a5 7. a4 e5 8. dxe5 dxe5 9. Ba3 Re8 10. Qxd8 Rxd8 11. Nc3 Nc6 12. e4 Bg4 13. Bc5 Nd7 14. Ba3 Nd4 15. Nxd4 exd4 16. Nd5 d3 17. Rab1 dxc2 18. Rbc1 c6 19. Nc7 Rab8 20. f3 Be5 21. Be7 Rdc8 22. fxg4 Rxc7 23. Rxc2 Re8 24. Ba3 Nf6 25. Bc5 Nxg4 26. Bh3 h5 27. Bxg4 hxg4 28. Rd2 b5 29. Kg2 Rb7 30. Rc2 Rd8 31. Bf2 Rd3 32. Rc5 f6 33. Rxc6 Rxb3 34. axb5 R3xb5 35. Ra6 Rd7 36. Be1 Rb2+ 37. Rf2 Rb1 38. Re2 Rdd1 39. Bf2 Rb5 40. Rc2 Rd7 41. Be1 Rb1 42. Re2 Rdd1 43. Bf2 Ra1 44. Ra7 a4 45. Rc2 Rac1 46. Rxc1 Rxc1 47. Rxa4 Rc2 48. Kg1 Kf7 49. Ra7+ Ke6 50. Rg7 g5 51. Rb7 Rc4 52. Rb6+ Kf7 53. Rb7+ Kg6 54. Kg2 Rxe4 55. Kf1 Rc4 56. Rb1 Rc2 57. Kg1 Rd2 58. Be3 Re2 59. Bf2 Kf5 60. Bb6 Ke6 61. Bf2 Rc2 62. Be3 Kd5 63. Bf2 Bc3 64. Be3 Ke4 65. Rc1 Rxc1+ 66. Bxc1 Kf3 67. Ba3 f5 68. Be7 Bd4+ 69. Kh1 Be3 70. Bd8 f4 71. Bxg5 fxg3 72. Bxe3 Kxe3 73. Kg2 gxh2 74. Kxh2 Kf3 0-1

[Event "Liffre op"]
[Site "Liffre"]
[Date "2022.10.26"]
[Round "7"]
[White "Sasikiran, Krishnan"]
[Black "Bailet, Pierre"]
[Result "1/2-1/2"]
[WhiteElo "2636"]
[BlackElo "2529"]
[PlyCount "36"]
[EventDate "2022.10.22"]
[EventType "swiss"]
[EventRounds "9"]
[EventCountry "FRA"]
[SourceTitle "EXT 2024"]
[Source "ChessBase"]
[SourceDate "2023.10.10"]
[SourceVersion "1"]
[SourceVersionDate "2023.10.10"]
[SourceQuality "1"]

1. d4 d5 2. c4 c6 3. Nf3 Nf6 4. Nc3 a6 5. g3 dxc4 6. a4 e6 7. Bg2 c5 8. dxc5 Qxd1+ 9. Nxd1 Nc6 10. Ne3 c3 11. bxc3 Bxc5 12. 0-0 0-0 13. Nc4 Ne4 14. Ba3 Rb8 15. a5 Rd8 16. Bxc5 Nxc5 17. Rfb1 Kf8 18. e3 Bd7 1/2-1/2

[Event "Aix en Provence"]
[Site "Aix en Provence"]
[Date "2022.08.30"]
[Round "9"]
[White "Bellahcene, Bilel"]
[Black "Bailet, Pierre"]
[Result "1/2-1/2"]
[WhiteElo "2516"]
[BlackElo "2511"]
[PlyCount "21"]
[EventDate "2022.08.24"]
[EventType "tourn"]
[EventRounds "9"]
[EventCountry "FRA"]
[EventCategory "10"]
[SourceTitle "CBM 210 Extra"]
[Source "ChessBase"]
[SourceDate "2022.11.30"]
[SourceVersion "1"]
[SourceVersionDate "2022.11.30"]
[SourceQuality "1"]

1. d4 d5 2. c4 c6 3. Nc3 Nf6 4. e3 Bf5 5. f3 e6 6. g4 Bg6 7. h4 h5 8. g5 Nfd7 9. Bd3 Bxd3 10. Qxd3 g6 11. Nge2 1/2-1/2

[Event "Aix en Provence"]
[Site "Aix en Provence"]
[Date "2022.08.28"]
[Round "7"]
[White "Aarav, Dengla"]
[Black "Bailet, Pierre"]
[Result "0-1"]
[WhiteElo "2382"]
[BlackElo "2511"]
[PlyCount "88"]
[EventDate "2022.08.24"]
[EventType "tourn"]
[EventRounds "9"]
[EventCountry "FRA"]
[EventCategory "10"]
[SourceTitle "CBM 210 Extra"]
[Source "ChessBase"]
[SourceDate "2022.11.30"]
[SourceVersion "1"]
[SourceVersionDate "2022.11.30"]
[SourceQuality "1"]

1. e4 e5 2. Nf3 Nc6 3. Bb5 a6 4. Ba4 Nf6 5. d3 d6 6. c3 g6 7. 0-0 Bg7 8. Re1 0-0 9. h3 b5 10. Bc2 Bb7 11. a4 Re8 12. a5 Nb8 13. b4 c5 14. Nbd2 cxb4 15. cxb4 Nc6 16. Rb1 d5 17. Nf1 Rc8 18. Ne3 dxe4 19. dxe4 Qxd1 20. Rxd1 Nd4 21. Nxd4 exd4 22. Rxd4 Nxe4 23. Rd7 Bc6 24. Ra7 Nc3 25. Bb2 Nxb1 26. Bxg7 Kxg7 27. Bxb1 Ra8 28. Rc7 Rec8 29. Rxc8 Rxc8 30. Kf1 Rd8 31. Ke2 Rd4 32. Nc2 Rc4 33. f3 Bd7 34. g4 Bc6 35. Ke3 Bb7 36. f4 Be4 37. Na3 Rxb4 38. Bxe4 Rb3+ 39. Bd3 Rxa3 40. h4 Rxa5 41. h5 gxh5 42. gxh5 Ra3 43. Kd4 Rxd3+ 44. Kxd3 Kf6 0-1

[Event "Spilimbergo op 20th"]
[Site "Spilimbergo"]
[Date "2022.08.12"]
[Round "5"]
[White "Bailet, Pierre"]
[Black "Muckle, Julius"]
[Result "1/2-1/2"]
[WhiteElo "2511"]
[BlackElo "2389"]
[PlyCount "75"]
[EventDate "2022.08.09"]
[EventType "swiss"]
[EventRounds "9"]
[EventCountry "ITA"]
[SourceTitle "CBM 209 Extra"]
[Source "ChessBase"]
[SourceDate "2022.09.30"]
[SourceVersion "1"]
[SourceVersionDate "2022.09.30"]
[SourceQuality "1"]

1. e4 e6 2. d4 d5 3. Nd2 Nf6 4. e5 Nfd7 5. Bd3 c5 6. c3 Nc6 7. Ngf3 Qb6 8. 0-0 cxd4 9. cxd4 Nxd4 10. Nxd4 Qxd4 11. Nf3 Nc5 12. Qc2 Qb4 13. Be2 Bd7 14. Be3 Rc8 15. Nd4 Ne4 16. a3 Qb6 17. Qd1 Qxb2 18. Rb1 Qxa3 19. Rxb7 Nc3 20. Qd3 Nxe2+ 21. Qxe2 Qa4 22. Qg4 g6 23. Qf4 Be7 24. Qh6 Bf8 25. Qf4 Be7 26. Rfb1 0-0 27. h4 Rc4 28. Qh6 Rxd4 29. Bxd4 Qxd4 30. Rxd7 Bxh4 31. Rxf7 Kxf7 32. Qxh7+ Ke8 33. Rb8+ Bd8 34. Qxg6+ Kd7 35. Qg7+ Be7 36. Rxf8 Qd1+ 37. Kh2 Qh5+ 38. Kg1 1/2-1/2

[Event "Spilimbergo op 20th"]
[Site "Spilimbergo"]
[Date "2022.08.12"]
[Round "6"]
[White "Bailet, Pierre"]
[Black "Pranesh, M."]
[Result "1/2-1/2"]
[WhiteElo "2511"]
[BlackElo "2404"]
[PlyCount "147"]
[EventDate "2022.08.09"]
[EventType "swiss"]
[EventRounds "9"]
[EventCountry "ITA"]
[SourceTitle "CBM 209 Extra"]
[Source "ChessBase"]
[SourceDate "2022.09.30"]
[SourceVersion "1"]
[SourceVersionDate "2022.09.30"]
[SourceQuality "1"]

1. c4 c6 2. e4 d5 3. exd5 cxd5 4. cxd5 Nf6 5. Nc3 Nxd5 6. Nf3 Nc6 7. Bb5 Nxc3 8. bxc3 Qd5 9. Qb3 Qe4+ 10. Be2 e6 11. d3 Qg6 12. 0-0 Be7 13. Ba3 Qf6 14. Bb2 0-0 15. c4 Qf4 16. d4 b6 17. d5 Na5 18. Qd3 exd5 19. cxd5 Bf5 20. Qb5 Rfd8 21. Rad1 Qb4 22. Nd4 Be4 23. Qxb4 Bxb4 24. Nb5 Bc5 25. Rfe1 Bc2 26. Rc1 Ba4 27. Nc3 Bd7 28. Ne4 Bb4 29. Red1 Rac8 30. Rd4 Rxc1+ 31. Bxc1 Rc8 32. Bf4 Ba3 33. h4 Bc1 34. Nd6 Rc2 35. Bxc1 Rxc1+ 36. Kh2 Kf8 37. Rd2 Ke7 38. Nb5 Nc4 39. Bxc4 Rxc4 40. Re2+ Kf8 41. Nxa7 Rxh4+ 42. Kg3 Rg4+ 43. Kh2 Rd4 44. Rb2 Rxd5 45. Rxb6 Rd2 46. f3 Rxa2 47. Nc6 g6 48. Ne5 Be6 49. Kg3 Kg7 50. Nd3 g5 51. Rb2 Ra3 52. Nc5 Bf5 53. Re2 h5 54. Ne4 Kg6 55. Nf2 Be6 56. Rb2 Re3 57. Rc2 f5 58. Kh2 h4 59. Rc6 Kg7 60. Nh3 Kf6 61. Kg1 g4 62. Nf4 Re5 63. fxg4 fxg4 64. Kf2 Kf5 65. Nxe6 Rxe6 66. Rc8 Rf6 67. Rh8 Kg5+ 68. Kg1 Rb6 69. Kh2 Rb1 70. Rg8+ Kf4 71. Rf8+ Ke5 72. Re8+ Kf5 73. Rf8+ Ke6 74. Re8+ 1/2-1/2

[Event "Spilimbergo op 20th"]
[Site "Spilimbergo"]
[Date "2022.08.10"]
[Round "3"]
[White "Bailet, Pierre"]
[Black "Bifulco, Michel"]
[Result "1-0"]
[WhiteElo "2511"]
[BlackElo "2339"]
[PlyCount "93"]
[EventDate "2022.08.09"]
[EventType "swiss"]
[EventRounds "9"]
[EventCountry "ITA"]
[SourceTitle "CBM 209 Extra"]
[Source "ChessBase"]
[SourceDate "2022.09.30"]
[SourceVersion "1"]
[SourceVersionDate "2022.09.30"]
[SourceQuality "1"]

1. e4 c5 2. Nf3 Nc6 3. Bb5 Qc7 4. 0-0 a6 5. Bxc6 dxc6 6. a4 a5 7. d4 cxd4 8. Qxd4 Nf6 9. Nc3 Bg4 10. e5 Rd8 11. Qc4 Bxf3 12. exf6 Bd5 13. Nxd5 Rxd5 14. Bf4 Qd7 15. fxg7 Bxg7 16. c3 0-0 17. Rfe1 e5 18. Be3 Re8 19. Qb3 b5 20. Red1 Rd8 21. Rxd5 Qxd5 22. Qxd5 Rxd5 23. g4 h5 24. gxh5 f5 25. Bg5 e4 26. h6 Be5 27. axb5 Rxb5 28. c4 Rc5 29. Ra4 Bd6 30. Be3 Re5 31. Bd4 Re6 32. Rxa5 Rxh6 33. Rxf5 Bxh2+ 34. Kf1 Bd6 35. Ke2 Re6 36. Ke3 Kh7 37. Rg5 Bf8 38. Re5 Rd6 39. Rxe4 Bh6+ 40. f4 Kg6 41. Kf3 Bg7 42. f5+ Kf7 43. Bxg7 Kxg7 44. b4 Rd1 45. Kf4 Rf1+ 46. Ke5 Rb1 47. c5 1-0

[Event "Spilimbergo op 20th"]
[Site "Spilimbergo"]
[Date "2022.08.09"]
[Round "1"]
[White "Bailet, Pierre"]
[Black "Massironi, Marco"]
[Result "1-0"]
[WhiteElo "2511"]
[BlackElo "2200"]
[PlyCount "71"]
[EventDate "2022.08.09"]
[EventType "swiss"]
[EventRounds "9"]
[EventCountry "ITA"]
[SourceTitle "CBM 209 Extra"]
[Source "ChessBase"]
[SourceDate "2022.09.30"]
[SourceVersion "1"]
[SourceVersionDate "2022.09.30"]
[SourceQuality "1"]

1. e4 c5 2. Nf3 d6 3. d4 cxd4 4. Nxd4 Nf6 5. Nc3 a6 6. h3 e5 7. Nde2 b5 8. g4 b4 9. Nd5 Nxd5 10. Qxd5 Ra7 11. Be3 Be6 12. Qd3 Rc7 13. Bb6 Nd7 14. Bxc7 Qxc7 15. Ng3 Nc5 16. Qd2 Be7 17. Nf5 Bxf5 18. exf5 Qc6 19. 0-0-0 b3 20. Bc4 Ne4 21. Qd5 Bg5+ 22. Kb1 Qxd5 23. Rxd5 Nd2+ 24. Rxd2 bxa2+ 25. Kxa2 Bxd2 26. Rd1 Bb4 27. c3 Bc5 28. b4 Bxf2 29. Rxd6 h5 30. Rxa6 Ke7 31. g5 Rd8 32. Kb3 Be3 33. f6+ gxf6 34. gxf6+ Ke8 35. Ra5 Bf4 36. Ra7 1-0

[Event "Vaujany op 13th"]
[Site "Vaujany"]
[Date "2022.07.18"]
[Round "5"]
[White "Can, Isik"]
[Black "Bailet, Pierre"]
[Result "1-0"]
[WhiteElo "2445"]
[BlackElo "2508"]
[PlyCount "62"]
[EventDate "2022.07.14"]
[EventType "swiss"]
[EventRounds "9"]
[EventCountry "FRA"]
[SourceTitle "EXT 2023"]
[Source "ChessBase"]
[SourceDate "2022.10.05"]
[SourceVersion "1"]
[SourceVersionDate "2022.10.05"]
[SourceQuality "1"]

1. e4 e5 2. Nc3 Nf6 3. f4 d5 4. fxe5 Nxe4 5. Qf3 Nc6 6. Bb5 Nxc3 7. dxc3 Qh4+ 8. g3 Qe4+ 9. Qxe4 dxe4 10. Ne2 Bd7 11. Bxc6 Bxc6 12. Rf1 Bc5 13. Nd4 Bd5 14. Nf5 g6 15. Ng7+ Kd7 16. Bg5 Kc8 17. 0-0-0 Bc4 18. Rfe1 h6 19. Rxe4 hxg5 20. Rxc4 Be3+ 21. Kb1 b5 22. Re4 Bb6 23. a4 Kb7 24. Rf1 Raf8 25. e6 fxe6 26. Rxf8 Rxf8 27. axb5 Rf1+ 28. Ka2 Rf2 29. Kb3 Rxh2 30. Rxe6 Rh3 31. g4 Be3 1-0

[Event "FRA-chT Top 16 Gp Basse"]
[Site "Chartres"]
[Date "2022.06.19"]
[Round "4.3"]
[White "Real, Thibault"]
[Black "Bailet, Pierre"]
[Result "0-1"]
[WhiteElo "2279"]
[BlackElo "2512"]
[PlyCount "106"]
[EventDate "2022.06.16"]
[EventType "team-tourn"]
[EventRounds "4"]
[EventCountry "FRA"]
[SourceTitle "CBM 208 Extra"]
[Source "ChessBase"]
[SourceDate "2022.07.31"]
[SourceVersion "1"]
[SourceVersionDate "2022.07.31"]
[SourceQuality "1"]
[WhiteTeam "Echiquier de l'Erdre"]
[BlackTeam "Metz Fischer"]
[WhiteTeamCountry "FRA"]
[BlackTeamCountry "FRA"]

1. Nf3 Nf6 2. d4 g6 3. c4 Bg7 4. e3 0-0 5. Be2 c5 6. d5 e6 7. Nc3 exd5 8. cxd5 d6 9. 0-0 Bg4 10. h3 Bxf3 11. Bxf3 Nbd7 12. Be2 Re8 13. Qc2 Qe7 14. Bd2 a6 15. a4 Rac8 16. a5 Rc7 17. Ra4 Rec8 18. b3 Ne5 19. f4 Ned7 20. Bf3 Ne8 21. g4 Rb8 22. g5 b5 23. axb6 Rxb6 24. Re4 Qf8 25. f5 Be5 26. Rh4 Qe7 27. f6 Nexf6 28. gxf6 Nxf6 29. Rc4 Rcb7 30. Rb1 Nd7 31. Bg2 Bg7 32. Re4 Ne5 33. Na4 Rb5 34. Nc3 R5b6 35. Ne2 Qd7 36. Nc3 Qf5 37. Rf1 Qh5 38. Ra4 h6 39. Ne4 f5 40. Ng3 Qg5 41. Ne2 Rxb3 42. e4 Qh4 43. Be1 Qg5 44. Bd2 Qh4 45. Bc3 f4 46. Rxf4 Qg5 47. Rf1 Kh7 48. Nf4 Qg3 49. Ba1 Rb1 50. Bxe5 Rxf1+ 51. Kxf1 Bxe5 52. Nd3 Rf7+ 53. Kg1 Qh2# 0-1

[Event "FRA-chT Top 16 Gp Basse"]
[Site "Chartres"]
[Date "2022.06.17"]
[Round "2.4"]
[White "Buscara, Sevan"]
[Black "Bailet, Pierre"]
[Result "1/2-1/2"]
[WhiteElo "2386"]
[BlackElo "2512"]
[PlyCount "90"]
[EventDate "2022.06.16"]
[EventType "team-tourn"]
[EventRounds "4"]
[EventCountry "FRA"]
[SourceTitle "CBM 208 Extra"]
[Source "ChessBase"]
[SourceDate "2022.07.31"]
[SourceVersion "1"]
[SourceVersionDate "2022.07.31"]
[SourceQuality "1"]
[WhiteTeam "Lyon"]
[BlackTeam "Metz Fischer"]
[WhiteTeamCountry "FRA"]
[BlackTeamCountry "FRA"]

1. d4 Nf6 2. Nf3 d5 3. c4 e6 4. Nc3 Be7 5. cxd5 exd5 6. Bf4 c6 7. Qc2 0-0 8. e3 Nbd7 9. Bd3 Re8 10. 0-0 Nf8 11. h3 Ng6 12. Bh2 Bd6 13. Bxd6 Qxd6 14. Rae1 Bd7 15. b4 Rac8 16. Ng5 b6 17. Qb1 c5 18. Nb5 Bxb5 19. Bxb5 Red8 20. bxc5 bxc5 21. dxc5 Rxc5 22. Bd3 d4 23. Ne4 Nxe4 24. Bxe4 dxe3 25. Rxe3 Nf8 26. Rd3 Qc7 27. Rxd8 Qxd8 28. Rd1 Qg5 29. g3 g6 30. Qb8 Rc1 31. Rxc1 Qxc1+ 32. Kg2 Qc5 33. Qb7 Ne6 34. Qd7 Qc7 35. Qe8+ Kg7 36. Bd5 Nd4 37. a4 Nf5 38. h4 a5 39. Qe1 Qb6 40. Qc3+ Nd4 41. Qc4 Ne6 42. Bxe6 fxe6 43. Qc3+ Kf7 44. Qh8 Qc6+ 45. Kh2 Qxa4 1/2-1/2

[Event "Angers op 15th"]
[Site "Angers"]
[Date "2022.05.27"]
[Round "1"]
[White "Bailet, Pierre"]
[Black "Denizet, Briac"]
[Result "1-0"]
[WhiteElo "2509"]
[BlackElo "1974"]
[PlyCount "81"]
[EventDate "2022.05.27"]
[EventType "swiss"]
[EventRounds "6"]
[EventCountry "FRA"]
[SourceTitle "CBM 208 Extra"]
[Source "ChessBase"]
[SourceDate "2022.07.31"]
[SourceVersion "1"]
[SourceVersionDate "2022.07.31"]
[SourceQuality "1"]

1. e4 c5 2. Nc3 e6 3. Nf3 Nc6 4. d4 cxd4 5. Nxd4 Qc7 6. g3 a6 7. Bg2 Nf6 8. 0-0 Nxd4 9. Qxd4 Bc5 10. Bf4 d6 11. Qd3 e5 12. Bg5 Be6 13. Bxf6 gxf6 14. Nd5 Bxd5 15. Qxd5 Qc6 16. Qd3 Ke7 17. c3 Rac8 18. Rad1 Rhd8 19. Qf3 Qa4 20. a3 Qc2 21. Bh3 Rc7 22. b4 Bb6 23. Rd3 Qa2 24. Qf5 Qxa3 25. Rf3 Qb3 26. Qxf6+ Ke8 27. Qh8+ Ke7 28. Qxh7 Rxc3 29. Qh4+ Ke8 30. Qh8+ Ke7 31. Qf6+ Ke8 32. Rf5 Qe6 33. Qh8+ Ke7 34. Qh4+ f6 35. Rh5 Qc4 36. Rh7+ Ke8 37. Qh5+ Kf8 38. Qh6+ Ke8 39. Qg6+ Kf8 40. Qg7+ Ke8 41. Qe7# 1-0

[Event "Angers op 15th"]
[Site "Angers"]
[Date "2022.05.27"]
[Round "2"]
[White "Lambert, Romain"]
[Black "Bailet, Pierre"]
[Result "0-1"]
[WhiteElo "2211"]
[BlackElo "2509"]
[PlyCount "42"]
[EventDate "2022.05.27"]
[EventType "swiss"]
[EventRounds "6"]
[EventCountry "FRA"]
[SourceTitle "CBM 208 Extra"]
[Source "ChessBase"]
[SourceDate "2022.07.31"]
[SourceVersion "1"]
[SourceVersionDate "2022.07.31"]
[SourceQuality "1"]

1. d4 Nf6 2. c4 g6 3. Nc3 Bg7 4. e4 d6 5. Be2 0-0 6. Nf3 e5 7. 0-0 Nbd7 8. Re1 c6 9. Bf1 a5 10. d5 Nc5 11. Rb1 Bd7 12. Qc2 cxd5 13. cxd5 Rc8 14. Qe2 Nfxe4 15. Nxe4 Nxe4 16. Qxe4 Bf5 17. Bg5 Bxe4 18. Bxd8 Bxb1 19. Be7 Rfe8 20. Bxd6 Bxa2 21. Bb5 Red8 0-1

[Event "Vaujany op 12th"]
[Site "Vaujany"]
[Date "2021.07.20"]
[Round "6"]
[White "Boyer, Mahel"]
[Black "Bailet, Pierre"]
[Result "1/2-1/2"]
[WhiteElo "2412"]
[BlackElo "2520"]
[PlyCount "76"]
[EventDate "2021.07.15"]
[EventType "swiss"]
[EventRounds "9"]
[EventCountry "FRA"]
[SourceTitle "EXT 2022"]
[Source "ChessBase"]
[SourceDate "2021.10.06"]
[SourceVersion "1"]
[SourceVersionDate "2021.10.06"]
[SourceQuality "1"]

1. d4 Nf6 2. c4 g6 3. Nc3 Bg7 4. e4 0-0 5. Be2 d6 6. h4 c5 7. d5 b5 8. cxb5 a6 9. a4 axb5 10. Bxb5 Ba6 11. Bxa6 Nxa6 12. Nf3 h5 13. 0-0 Ng4 14. Qe2 Qd7 15. Bf4 Rfb8 16. Rab1 Rb4 17. Bg3 Nc7 18. e5 dxe5 19. Nxe5 Bxe5 20. Bxe5 Nxd5 21. Rbd1 e6 22. f3 Nxe5 23. Qxe5 Qe8 24. Ne4 Rbxa4 25. Rxd5 Rxe4 26. fxe4 exd5 27. Qxd5 Rd8 28. Qxc5 Qxe4 29. Qf2 Qc4 30. Re1 Kg7 31. Rf1 Rd6 32. Qe3 Re6 33. Qf4 Qc5+ 34. Kh2 Qe7 35. Qd4+ Kg8 36. Rc1 Kh7 37. Rc8 Qd6+ 38. Qxd6 Rxd6 1/2-1/2